The New Testament : (Record no. 9809)
[ view plain ]
| 000 -LEADER | |
|---|---|
| fixed length control field | 01001nam a2200325Ia 4500 |
| 001 - CONTROL NUMBER | |
| control field | 10478436 |
| 003 - CONTROL NUMBER IDENTIFIER | |
| control field | OCoLC |
| 005 - DATE AND TIME OF LATEST TRANSACTION | |
| control field | 20241126110719.0 |
| 008 - FIXED-LENGTH DATA ELEMENTS--GENERAL INFORMATION | |
| fixed length control field | 840302t19831983tnuab 000 0 eng d |
| 020 ## - INTERNATIONAL STANDARD BOOK NUMBER | |
| International Standard Book Number | 0687279143 |
| 035 ## - SYSTEM CONTROL NUMBER | |
| System control number | .b20722266 |
| 035 ## - SYSTEM CONTROL NUMBER | |
| System control number | 3236527 |
| 040 ## - CATALOGING SOURCE | |
| Original cataloging agency | NGW |
| Transcribing agency | NGW |
| Modifying agency | OSU |
| -- | UtOrBLW |
| 082 ## - DEWEY DECIMAL CLASSIFICATION NUMBER | |
| Classification number | 225.07 |
| Item number | MET |
| 090 ## - LOCALLY ASSIGNED LC-TYPE CALL NUMBER (OCLC); LOCAL CALL NUMBER (RLIN) | |
| Classification number (OCLC) (R) ; Classification number, CALL (RLIN) (NR) | BS2535.2 |
| Local cutter number (OCLC) ; Book number/undivided call number, CALL (RLIN) | .M4 1983 |
| 090 ## - LOCALLY ASSIGNED LC-TYPE CALL NUMBER (OCLC); LOCAL CALL NUMBER (RLIN) | |
| Classification number (OCLC) (R) ; Classification number, CALL (RLIN) (NR) | BS2535.2 |
| Local cutter number (OCLC) ; Book number/undivided call number, CALL (RLIN) | .M4 1983 |
| 090 00 - LOCALLY ASSIGNED LC-TYPE CALL NUMBER (OCLC); LOCAL CALL NUMBER (RLIN) | |
| Classification number (OCLC) (R) ; Classification number, CALL (RLIN) (NR) | BS2535.2 |
| Local cutter number (OCLC) ; Book number/undivided call number, CALL (RLIN) | .M4 1983 |
| 100 1# - MAIN ENTRY--PERSONAL NAME | |
| Personal name | Metzger, Bruce Manning |
| 9 (RLIN) | 12258 |
| 245 14 - TITLE STATEMENT | |
| Title | The New Testament : |
| Remainder of title | its background, growth, and content / |
| Statement of responsibility, etc. | Bruce Manning Metzger |
| 250 ## - EDITION STATEMENT | |
| Edition statement | Second edition, enlarged |
| 264 #1 - PRODUCTION, PUBLICATION, DISTRIBUTION, MANUFACTURE, AND COPYRIGHT NOTICE | |
| Place of production, publication, distribution, manufacture | Nashville : |
| Name of producer, publisher, distributor, manufacturer | Abingdon, |
| Date of production, publication, distribution, manufacture, or copyright notice | [1983] |
| 264 #4 - PRODUCTION, PUBLICATION, DISTRIBUTION, MANUFACTURE, AND COPYRIGHT NOTICE | |
| Date of production, publication, distribution, manufacture, or copyright notice | ℗♭1983 |
| 300 ## - PHYSICAL DESCRIPTION | |
| Extent | 309 pages : |
| Other physical details | illustrations, maps ; |
| Dimensions | 23 cm |
| 336 ## - CONTENT TYPE | |
| Content type term | text |
| Content type code | txt |
| Source | rdacontent |
| 337 ## - MEDIA TYPE | |
| Media type term | unmediated |
| Media type code | n |
| Source | rdamedia |
| 338 ## - CARRIER TYPE | |
| Carrier type term | volume |
| Carrier type code | nc |
| Source | rdacarrier |
| 504 ## - BIBLIOGRAPHY, ETC. NOTE | |
| Bibliography, etc. note | Includes bibliographies and indexes |
| 630 00 - SUBJECT ADDED ENTRY--UNIFORM TITLE | |
| Uniform title | Bible. |
| Name of part/section of a work | New Testament |
| General subdivision | Study and teaching |
| 9 (RLIN) | 7947 |
| 942 ## - ADDED ENTRY ELEMENTS (KOHA) | |
| Source of classification or shelving scheme | Dewey Decimal Classification |
| Koha item type | Books |
| Koha issues (borrowed), all copies | 8 |
| Withdrawn status | Lost status | Source of classification or shelving scheme | Damaged status | Not for loan | Home library | Current Library | Shelving location | Date acquired | Total checkouts | Full call number | Barcode | Date last seen | Date last checked out | Copy number | Price effective from | Koha item type |
|---|---|---|---|---|---|---|---|---|---|---|---|---|---|---|---|---|
| Dewey Decimal Classification | GRACE BIBLE COLLEGE | GRACE BIBLE COLLEGE | Biblical Studies | 2023-07-25 | 13 | 225.07 MET | 016393 | 2025-09-17 | 2025-09-15 | c.1 | 2023-07-25 | Books |